000 00447nam a22001817a 4500
003 NUST - PNEC
005 20170116180821.0
008 150619b xxu||||| |||| 00| 0 eng d
020 _a-
040 _cLIBRARY
082 _a297.5 THA
100 _94118
_aThanvi
245 _aHeavenly ornaments
_cMaulana ashraf ali thanvi
260 _aLahore
_bAL-Kitab
_cc1979.
300 _a504 p. :
650 _94119
_aIslam
_xGeneral
942 _2ddc
_cBK
999 _c63741
_d63741